000 00612nam a22002052 4500
001 0000005793
005 20151217145826.0
008 070717s xx 000 0 eng d
020 _a007589461 :
_cKES 750
040 _aKABU
_cKABU
050 0 _aQA76.76
_b.H94T58 2004
100 1 _aTittel, Ed.
_@0000154630
245 1 0 _aSchaum's outline of theory and problems of XML.
260 _aNew Delhi :
_bTata McGraw-Hill,
_c2004.
300 _avii, 214 p.
650 0 _aXML (Document markup language)
_@0000154490
908 _a070717
950 _@1
999 _c2977
_d2977